01072 2200301 4500001002100000005001500021035002000036007000300056008004100059082001600100245014200116300002500258650004500283710007800328264008800406336002100494337003000515338002300545040002200568084001600590850001200606090001800618090002000636546005400656990002000710990002000730990002000750INLIS00000000086355120240910092433 a0010-0821000250ta210804s2019 yoi g f | jav d04223a899.22200aSerat pranacitra Ngayogyakarta :balih tulisan Jawa - latin (Indonesia) /cDinas Perpustakaan dan Arsip Daerah Daerah Istimewa Yogyakarta a175 halaman ;c21 cm 4aKesusasteraan Jawa--vtembang--xsejarah2 aDinas Perpustakaan dan Arsip Daerah Daerah Istimewa YogyakartaePengarang31aYogyakarta :bDinas Perpustakaan dan Arsip Daerah Daerah Istimewa Yogyakarta,c2019 2rdacontentateks 2rdamediaatanpa perantara 2rdacarrieravolume aYOPDYOGbindcrda a899.222 SER aYOPDYOG aL 899.222 SER aYOG 899.222 SER aTeks tediri dari bahasa Indonesia dan bahasa Jawa a67429-PD/A.2021 a72746-PD/A.2024 a72751-PD/A.2024